000
002400000a22000970004500
100
1
_a
Rodríguez, Manuel
245
1
0
_a
En el camino a Emaus
300
_a
Vol. 9, Núm 46 (1997), Páginas 12-13
773
0
_t
Impacto Presbiteriano
942
_c
ANA
999
_c
51037
_d
51037